Gaming Quiz

Random Gaming or Vocabulary Quiz

Monopoly Board Words Quiz Stats

 Plays Quiz Updated Oct 29, 2014

Also try: Monopoly Pieces
Challenge
Share
Tweet
Embed
Score 0/65 Timer 08:00
3 Plays Today
% Correct
Go
94.6%
Jail
91.5%
Park
88.1%
St.
83.1%
Avenue
79.8%
Boardwalk
79.7%
Railroad
79.5%
Place
78.4%
Chance
77.3%
Community
76.5%
Chest
76%
In
75.5%
Free
72.9%
To
70.9%
Electric
68.6%
Parking
68.4%
Pennsylvania
68.3%
Tax
67%
Reading
67%
Water
66.7%
Baltic
65.7%
New
64.8%
York
62.5%
Illinois
61.9%
Indiana
61%
Company
60.4%
Works
58.8%
Kentucky
58.2%
B. & O.
57.2%
Gardens
56.6%
Marvin
56.5%
Connecticut
56.2%
Luxury
54.1%
% Correct
Atlantic
54%
North
53.8%
Pass
52.8%
Tennessee
52.6%
Carolina
52.6%
James
51.4%
Vermont
51.1%
Virginia
50.3%
Or
50.2%
Collect
49.5%
Mediterranean
47.9%
Charles
47.4%
Just
46.2%
Short
46.2%
Visiting
45.9%
Oriental
45.8%
Line
45.7%
Ventnor
43.6%
Income
43.5%
Pacific
42.6%
Monopoly
39.2%
Pay
29.2%
States
26.7%
You
24.4%
As
17.2%
On
14.4%
Card
14.4%
Salary
7.7%
Price
7.1%
Top
4.2%
Follow
4.1%
Instructions
4%

You're not logged in!

Compare scores with friends on all Sporcle quizzes.
OR
Log In

You Might Also Like...

Show Comments

Extras

Top Quizzes Today


Score Distribution

Your Account Isn't Verified!

In order to create a playlist on Sporcle, you need to verify the email address you used during registration. Go to your Sporcle Settings to finish the process.

Report this User

Report this user for behavior that violates our Community Guidelines.

Details: